|
|
|
|
| LEADER |
00000nam0a2200000 4500 |
| 001 |
158440 |
| 005 |
20231031154423.0 |
| 010 |
|
|
|a 9785394000591
|
| 035 |
|
|
|a (RuTPU)RU\TPU\book\171832
|
| 090 |
|
|
|a 158440
|
| 100 |
|
|
|a 20090423d2009 m y0rusy50 ca
|
| 101 |
0 |
|
|a rus
|
| 102 |
|
|
|a RU
|
| 105 |
|
|
|a y j 001zy
|
| 200 |
1 |
|
|a Оценка стоимости предприятия (бизнеса)
|e учебник
|f Н. Ф. Чеботарев
|
| 210 |
|
|
|a Москва
|c Дашков и К
|d 2009
|
| 215 |
|
|
|a 253 с.
|
| 333 |
|
|
|a Исключено из фонда НТБ ТПУ
|
| 700 |
|
1 |
|a Чеботарев
|b Н. Ф.
|g Николай Федорович
|
| 801 |
|
1 |
|a RU
|b 63413507
|c 20090423
|g PSBO
|
| 801 |
|
2 |
|a RU
|b 63413507
|c 20211012
|g PSBO
|
| 942 |
|
|
|c BK
|
| 959 |
|
|
|a 54/20090422
|d 2
|e 176,00
|f АНЛ:1
|f ЧЗГЛ:1
|